Diccionario inglés - español / español - inglés (Registro nro. 13275)
[ vista simple ]
| 000 -Cabecera | |
|---|---|
| Campo de control de longitud fija | 00497nam a22002057a 4500 |
| 005 - Fecha y hora de la última transacción | |
| Campo de control | 20250207172323.0 |
| 008 - Elementos de longitud fija--Información general | |
| Campo de control de longitud fija | 220321b2007 xxu||||| |||| 00| 0 spa d |
| 020 ## - International Standard Book Number | |
| Número Internacional Estándar del Libro (ISBN) | 8482592904 |
| 041 ## - Idioma | |
| Código de idioma | Inglés |
| -- | Español |
| 082 ## - Clasificación Decimal Dewey | |
| Número de clasificación | R 423 D545d |
| 245 ## - Título propiamente dicho | |
| Título | Diccionario inglés - español / español - inglés |
| 260 ## - Pie de imprenta | |
| Lugar de publicación, distribución, etc. | España |
| 260 ## - Pie de imprenta | |
| Nombre del editor, distribuidor, etc. | Ediciones Nauta C. |
| 260 ## - Pie de imprenta | |
| Fecha de publicación, distribución, etc. | 2007 |
| 300 ## - Descripción física | |
| Extensión | 188 páginas |
| 650 ## - Materia general | |
| Temática (materia general) | DICCIONARIOS |
| 650 ## - Materia general | |
| Temática (materia general) | ESPAÑOL |
| 650 ## - Materia general | |
| Temática (materia general) | INGLÉS |
| 942 ## - Punto de acceso adicional KOHA | |
| Tipo de ítem KOHA | Referencia |
| Fuente del sistema de clasificación o colocación | Dewey Decimal Classification |
| Signatura completa | Código de barras | Tipo de ítem |
|---|---|---|
| R 423 D545d | 14647 | Referencia |